[Event "Deutsche Ländermeisterschaft 2015"]
[Site "Hannover GER"]
[Date "2015.10.04"]
[Round "2"]
[White "Carow, Johannes"]
[Black "Holtel, Jasper"]
[Result "0-1"]
[Termination "normal"]
[Board "1.1"]
[WhiteTitle "FM"]
[BlackTitle "FM"]
[WhiteElo "2430"]
[BlackElo "2316"]
[WhiteTeam "Rheinland-Pfalz"]
[BlackTeam "Nordrhein-Westfalen"]
[PlyCount "82"]
[WhiteFideId "24692050"]
[BlackFideId "12956376"]
[EventCountry "GER"]
[EventRounds "7"]
[EventType "team-swiss"]
[EventDate "2015.10.02"]

1. d4 Nf6 2. c4 g6 3. Nc3 d5 4. Nf3 Bg7 5. Qa4+ Bd7 6. Qb3 dxc4 7. Qxc4 O-O 8.
Bf4 c6 9. Qb3 c5 10. e3 cxd4 11. exd4 Bc6 12. Be2 Nd5 13. Bg3 Nxc3 14. bxc3 Bd5
15. Qa3 Nc6 16. O-O Rc8 17. Rab1 e6 18. Rfd1 Qa5 19. Qb2 b6 20. a3 Rfd8 21. Bf4
Bf8 22. Ra1 Ne7 23. Bd2 Bc4 24. Bxc4 Rxc4 25. Ne5 Rcc8 26. c4 Qa4 27. Bg5 Re8
28. d5 Bg7 29. dxe6 f6 30. Bf4 fxe5 31. Bxe5 Bxe5 32. Qxe5 Qa5 33. Qe2 Qc5 34.
Rac1 Nf5 35. Rd7 Nd4 36. Qb2 Nxe6 37. Re1 Qxc4 38. Qf6 Qf4 39. Qb2 Rc7 40. Rd2
Rce7 41. Rde2 Qf7 0-1

[Event "Deutsche Ländermeisterschaft 2015"]
[Site "Hannover GER"]
[Date "2015.10.04"]
[Round "2"]
[White "Schröder, Kevin"]
[Black "Keymer, Vincent"]
[Result "1/2-1/2"]
[Termination "normal"]
[Board "1.2"]
[WhiteElo "2298"]
[BlackElo "2356"]
[WhiteTeam "Nordrhein-Westfalen"]
[BlackTeam "Rheinland-Pfalz"]
[PlyCount "129"]
[WhiteFideId "12929840"]
[BlackFideId "12940690"]
[EventCountry "GER"]
[EventRounds "7"]
[EventType "team-swiss"]
[EventDate "2015.10.02"]

1. e4 e5 2. Nf3 Nc6 3. Bb5 a6 4. Ba4 Nf6 5. d3 b5 6. Bb3 Bc5 7. a4 Rb8 8. O-O
d6 9. h3 O-O 10. axb5 axb5 11. c3 Bb6 12. d4 h6 13. Qd3 Bb7 14. d5 Ne7 15. Be3
Bxd5 16. exd5 e4 17. Qd1 exf3 18. Qxf3 Bxe3 19. fxe3 Ng6 20. Nd2 Qe7 21. Ra7
Ra8 22. Rfa1 Rxa7 23. Rxa7 Re8 24. Nf1 Qd8 25. Rb7 Re5 26. Rxb5 Rg5 27. Rb4 Qc8
28. h4 Rh5 29. g3 Rf5 30. Qd1 Ne5 31. Rf4 g5 32. hxg5 hxg5 33. Rxf5 Qxf5 34.
Bc2 Qh3 35. e4 Nh5 36. Qc1 f6 37. Qe3 Qg4 38. Kf2 Qh3 39. Bd1 Ng7 40. Ke1 Qh1
41. Be2 Kf7 42. Kd2 Kg6 43. Kc2 f5 44. Nd2 Qa1 45. exf5+ Nxf5 46. Qe4 Kf6 47.
g4 Ng3 48. Qe3 Qa4+ 49. Kb1 Qf4 50. Qxf4+ gxf4 51. Bd1 Nf7 52. Kc2 Ke5 53. Kd3
Ng5 54. Nf3+ Kf6 55. b4 N5e4 56. Kd4 Ng5 57. c4 Nf1 58. c5 Ne3 59. cxd6 cxd6
60. Nxg5 Kxg5 61. Bf3 Nxg4 62. b5 Ne5 63. Ke4 Nc4 64. Kd4 Ne5 65. Ke4 1/2-1/2

[Event "Deutsche Ländermeisterschaft 2015"]
[Site "Hannover GER"]
[Date "2015.10.04"]
[Round "2"]
[White "Wilhelm, Till"]
[Black "Mundorf, Johannes"]
[Result "1/2-1/2"]
[Termination "normal"]
[Board "1.3"]
[WhiteElo "2209"]
[BlackElo "2211"]
[WhiteTeam "Rheinland-Pfalz"]
[BlackTeam "Nordrhein-Westfalen"]
[PlyCount "82"]
[WhiteFideId "12942391"]
[BlackFideId "24672491"]
[EventCountry "GER"]
[EventRounds "7"]
[EventType "team-swiss"]
[EventDate "2015.10.02"]

1. d4 e6 2. Nf3 d5 3. Bg5 Be7 4. Bxe7 Qxe7 5. Nbd2 Nf6 6. e3 Nbd7 7. Be2 e5 8.
dxe5 Nxe5 9. O-O O-O 10. c4 Nxc4 11. Nxc4 dxc4 12. Qa4 c6 13. Qxc4 Be6 14. Qc2
Rfd8 15. Nd4 Bd5 16. Rfd1 Rd7 17. Bf3 Rad8 18. h3 g6 19. Bxd5 Rxd5 20. Nf3 Qd6
21. Rxd5 Qxd5 22. Qa4 a6 23. Re1 Ne4 24. Qd4 c5 25. Qxd5 Rxd5 26. Rc1 Kf8 27.
Kf1 Nd2+ 28. Ke2 Nxf3 29. Kxf3 Rd2 30. Rxc5 Rxb2 31. a4 Ke7 32. Rc7+ Ke6 33. a5
h5 34. h4 Rb5 35. e4 Rb2 36. Kg3 Rb5 37. f3 Rb2 38. Kf4 Rb5 39. Kg3 Rb2 40. Kf4
Rb5 41. Kg3 Ke5 1/2-1/2

[Event "Deutsche Ländermeisterschaft 2015"]
[Site "Hannover GER"]
[Date "2015.10.04"]
[Round "2"]
[White "Kuckling, Hannah"]
[Black "Muckle, Julius"]
[Result "1-0"]
[Termination "normal"]
[Board "1.4"]
[WhiteElo "1988"]
[BlackElo "2101"]
[WhiteTeam "Nordrhein-Westfalen"]
[BlackTeam "Rheinland-Pfalz"]
[PlyCount "125"]
[WhiteFideId "24603660"]
[BlackFideId "12942430"]
[EventCountry "GER"]
[EventRounds "7"]
[EventType "team-swiss"]
[EventDate "2015.10.02"]

1. e4 e6 2. d4 d5 3. Nd2 c5 4. c3 cxd4 5. cxd4 dxe4 6. Nxe4 Bb4+ 7. Nc3 Nf6 8.
Nf3 O-O 9. Bd3 b6 10. O-O Bb7 11. Bg5 Nbd7 12. Rc1 Rc8 13. Re1 Be7 14. Bc2 Nd5
15. Qd3 g6 16. Bh6 Nb4 17. Qe3 Nxc2 18. Rxc2 Re8 19. Rce2 Nf6 20. Bg5 Nd5 21.
Bxe7 Nxe7 22. Ne4 Nf5 23. Qf4 Bxe4 24. Qxe4 Qd7 25. Rd2 Red8 26. Red1 Qd5 27.
Qxd5 Rxd5 28. Kf1 Rcd8 29. Ke2 b5 30. g4 Nd6 31. Ne5 Ne4 32. Rd3 Rc8 33. Ke3
Nd6 34. Rc3 Rd8 35. Rc7 f6 36. Nc6 Nc4+ 37. Ke2 R5d7 38. Nxd8 Rxc7 39. Nxe6 Re7
40. d5 Nb6 41. Kf3 b4 42. Nc5 Re5 43. Ne4 Kf7 44. d6 Nd7 45. Rd4 a5 46. Kg3 Ke6
47. f3 h6 48. h4 Rd5 49. Rxd5 Kxd5 50. Kf4 Ke6 51. Ke3 f5 52. gxf5+ gxf5 53.
Ng3 Ne5 54. b3 f4+ 55. Kxf4 Nd3+ 56. Ke3 Nc1 57. Kd2 Nxa2 58. Ne4 Kd7 59. Kc2
h5 60. Kb2 Nc3 61. Nxc3 bxc3+ 62. Kxc3 Kxd6 63. Kd4 1-0

[Event "Deutsche Ländermeisterschaft 2015"]
[Site "Hannover GER"]
[Date "2015.10.04"]
[Round "2"]
[White "Browning, Rebecca"]
[Black "Schwarz, Larissa"]
[Result "0-1"]
[Termination "normal"]
[Board "1.6"]
[WhiteElo "1589"]
[BlackElo "1928"]
[WhiteTeam "Nordrhein-Westfalen"]
[BlackTeam "Rheinland-Pfalz"]
[PlyCount "108"]
[WhiteFideId "12984027"]
[BlackFideId "24699004"]
[EventCountry "GER"]
[EventRounds "7"]
[EventType "team-swiss"]
[EventDate "2015.10.02"]

1. d4 Nf6 2. Nf3 g6 3. Bf4 Bg7 4. e3 O-O 5. Nbd2 d6 6. h3 Nfd7 7. Be2 e5 8. Bh2
Nc6 9. c3 f5 10. Qb3+ Kh8 11. dxe5 Ndxe5 12. O-O-O Qe7 13. Nxe5 Nxe5 14. f4 Nd7
15. Bc4 Qxe3 16. Rhe1 Qb6 17. Re7 Qxb3 18. Nxb3 Bf6 19. Re3 Nb6 20. Be2 Bd7 21.
Bf3 Nc4 22. Re2 c6 23. Nd4 Rae8 24. Bg1 d5 25. Rde1 Rxe2 26. Rxe2 Re8 27. Rxe8+
Bxe8 28. Ne6 b6 29. g4 Bd7 30. Bd4 Bxd4 31. Nxd4 fxg4 32. hxg4 Kg7 33. b3 Nd6
34. Kc2 c5 35. Ne2 Be6 36. Ng3 Kf6 37. g5+ Kg7 38. Kd2 Kf7 39. Ke3 Nf5+ 40.
Nxf5 gxf5 41. Bh5+ Kg7 42. Bd1 h6 43. Bh5 Bg8 44. Kd3 hxg5 45. fxg5 Bf7 46. Bf3
Kg6 47. b4 Kxg5 48. a3 Kf4 49. Bh1 Kg3 50. Kd2 f4 51. Ke1 f3 52. a4 f2+ 53. Kf1
d4 54. bxc5 Bc4# 0-1

[Event "Deutsche Ländermeisterschaft 2015"]
[Site "Hannover GER"]
[Date "2015.10.04"]
[Round "2"]
[White "Ley, Sabrina"]
[Black "Kracht, Raphael"]
[Result "1/2-1/2"]
[Termination "normal"]
[Board "1.7"]
[WhiteElo "1833"]
[BlackElo "1532"]
[WhiteTeam "Rheinland-Pfalz"]
[BlackTeam "Nordrhein-Westfalen"]
[PlyCount "101"]
[WhiteFideId "12938130"]
[BlackFideId "16214382"]
[EventCountry "GER"]
[EventRounds "7"]
[EventType "team-swiss"]
[EventDate "2015.10.02"]

1. d4 Nf6 2. c4 e6 3. Nc3 Bb4 4. Bd2 b6 5. Nf3 Bb7 6. e3 c5 7. Be2 O-O 8. O-O
d6 9. b3 Nbd7 10. a3 Bxc3 11. Bxc3 Ne4 12. Bb2 Qe7 13. Rc1 Rfd8 14. Qc2 Rac8
15. Rfd1 d5 16. Qb1 h6 17. Rc2 dxc4 18. Bxc4 Nd6 19. Bd3 Bd5 20. Ba1 c4 21.
bxc4 Nxc4 22. Bxc4 Bxc4 23. Qc1 Ba6 24. Rdd2 Nf6 25. Bb2 Ne4 26. Rxc8 Rxc8 27.
Rc2 Qb7 28. Ne5 Rxc2 29. Qxc2 Nd6 30. f3 Nc4 31. Nxc4 Qc6 32. d5 Qxc4 33. Qxc4
Bxc4 34. d6 Bb5 35. e4 Kf8 36. Kf2 g6 37. g4 Ke8 38. Kg3 Kd7 39. e5 Be2 40. h4
h5 41. Kf4 Bd1 42. Bc1 Be2 43. Ke3 Bd1 44. Kf4 Be2 45. gxh5 gxh5 46. Ke4 Bd1
47. Bd2 Kc6 48. Kf4 Kd7 49. Bc1 Ke8 50. a4 Kd7 51. Bd2 1/2-1/2

[Event "Deutsche Ländermeisterschaft 2015"]
[Site "Hannover GER"]
[Date "2015.10.04"]
[Round "2"]
[White "Müdder, Melanie"]
[Black "Kalina, Lena"]
[Result "1-0"]
[Termination "normal"]
[Board "1.8"]
[WhiteElo "1585"]
[BlackElo "1086"]
[WhiteTeam "Nordrhein-Westfalen"]
[BlackTeam "Rheinland-Pfalz"]
[PlyCount "49"]
[WhiteFideId "12994103"]
[BlackFideId "12988014"]
[EventCountry "GER"]
[EventRounds "7"]
[EventType "team-swiss"]
[EventDate "2015.10.02"]

1. e4 g6 2. d4 Bg7 3. Nf3 c6 4. Be3 d5 5. exd5 cxd5 6. Ne5 a6 7. Bd3 Nc6 8. f4
Qb6 9. Nc3 Nxe5 10. fxe5 e6 11. Qc1 Ne7 12. O-O Nc6 13. Ne2 Bd7 14. c3 O-O 15.
Rb1 Na5 16. Bh6 Bb5 17. Bxb5 Qxb5 18. Ng3 Qb6 19. Kh1 Nc4 20. Bxg7 Kxg7 21. Rf3
Rac8 22. Nh5+ gxh5 23. Qg5+ Kh8 24. Qf6+ Kg8 25. Rg3# 1-0

[Event "Deutsche Ländermeisterschaft 2015"]
[Site "Hannover GER"]
[Date "2015.10.04"]
[Round "2"]
[White "Heinemann, Josefine"]
[Black "Bilchinski, Anton"]
[Result "0-1"]
[Termination "normal"]
[Board "2.1"]
[BlackTitle "FM"]
[WhiteElo "2244"]
[BlackElo "2271"]
[WhiteTeam "Sachsen-Anhalt"]
[BlackTeam "Bayern"]
[PlyCount "86"]
[WhiteFideId "12900460"]
[BlackFideId "24615765"]
[EventCountry "GER"]
[EventRounds "7"]
[EventType "team-swiss"]
[EventDate "2015.10.02"]

1. e4 e5 2. Nf3 Nf6 3. Nxe5 d6 4. Nf3 Nxe4 5. d4 d5 6. Bd3 Nc6 7. O-O Be7 8. c4
Nb4 9. Be2 O-O 10. Nc3 Bf5 11. a3 Nxc3 12. bxc3 Nc6 13. Re1 Re8 14. cxd5 Qxd5
15. Bf4 Rac8 16. h3 Bd6 17. Be3 Na5 18. Nd2 Bf8 19. c4 Qd7 20. Nf3 c5 21. d5 b5
22. cxb5 Rcd8 23. Qa4 Qc7 24. Bf4 Qb6 25. Bc4 Re4 26. Rxe4 Bxe4 27. Ng5 Qf6 28.
Nxe4 Qxa1+ 29. Bf1 Nb7 30. Qxa7 Re8 31. Ng3 g5 32. Bxg5 Nd6 33. Qd7 Re1 34. Qg4
h5 35. Qf3 Bg7 36. Bd2 Rd1 37. Bf4 h4 38. Bxd6 hxg3 39. fxg3 Bd4+ 40. Kh2 Rxf1
41. Qg4+ Bg7 42. Qc8+ Kh7 43. g4 Be5+ 0-1

[Event "Deutsche Ländermeisterschaft 2015"]
[Site "Hannover GER"]
[Date "2015.10.04"]
[Round "2"]
[White "Gretz, Denis"]
[Black "Sieber, Fiona"]
[Result "1/2-1/2"]
[Termination "normal"]
[Board "2.2"]
[BlackTitle "WFM"]
[WhiteElo "2129"]
[BlackElo "2167"]
[WhiteTeam "Bayern"]
[BlackTeam "Sachsen-Anhalt"]
[PlyCount "61"]
[WhiteFideId "12945188"]
[BlackFideId "12902373"]
[EventCountry "GER"]
[EventRounds "7"]
[EventType "team-swiss"]
[EventDate "2015.10.02"]

1. e4 c5 2. Nf3 d6 3. d4 cxd4 4. Nxd4 Nf6 5. Nc3 Nc6 6. Bc4 e6 7. Be3 Be7 8.
Qe2 a6 9. Bb3 Qc7 10. O-O-O Na5 11. g4 b5 12. g5 Nxb3+ 13. axb3 Nd7 14. Nf5 b4
15. Nxe7 bxc3 16. Nxc8 cxb2+ 17. Kxb2 Rxc8 18. Qd2 O-O 19. c4 Ne5 20. Bf4 Rb8
21. Bxe5 dxe5 22. Qc3 a5 23. c5 Rb5 24. c6 Rb6 25. Rc1 Rc8 26. Rhd1 g6 27. Rd7
Qxc6 28. Qxc6 Rbxc6 29. Rxc6 Rxc6 30. Rd8+ Kg7 31. Ra8 1/2-1/2

[Event "Deutsche Ländermeisterschaft 2015"]
[Site "Hannover GER"]
[Date "2015.10.04"]
[Round "2"]
[White "Kitze, Alexander"]
[Black "Hess, Max"]
[Result "1/2-1/2"]
[Termination "normal"]
[Board "2.3"]
[WhiteElo "2172"]
[BlackElo "2221"]
[WhiteTeam "Sachsen-Anhalt"]
[BlackTeam "Bayern"]
[PlyCount "108"]
[WhiteFideId "12914827"]
[BlackFideId "24656666"]
[EventCountry "GER"]
[EventRounds "7"]
[EventType "team-swiss"]
[EventDate "2015.10.02"]

1. e4 c5 2. Nf3 Nc6 3. d4 cxd4 4. Nxd4 e6 5. Nc3 Qc7 6. Be3 a6 7. Qd2 Nf6 8. f3
Be7 9. g4 b5 10. O-O-O Nxd4 11. Bxd4 Bb7 12. Kb1 Rc8 13. g5 Nh5 14. Be3 d5 15.
exd5 b4 16. d6 Bxd6 17. Qxd6 bxc3 18. Be2 cxb2 19. Qxc7 Rxc7 20. Rhg1 e5 21.
Kxb2 Ke7 22. c4 Rhc8 23. Rd2 g6 24. Rgd1 Ng7 25. Bb6 Ne6 26. Bxc7 Rxc7 27. h4
Nf4 28. Kc3 Ke6 29. Re1 Ng2 30. Rh1 Nf4 31. Re1 Ng2 32. Rg1 Nxh4 33. f4 exf4
34. Bg4+ f5 35. gxf6+ Kxf6 36. Rd6+ Ke7 37. Rgd1 Bc8 38. Bxc8 Rxc8 39. Rd7+ Kf6
40. Rxh7 Nf5 41. Rc1 g5 42. Kd3 g4 43. c5 f3 44. c6 Re8 45. c7 f2 46. Rhh1 g3
47. c8=Q Rxc8 48. Rxc8 g2 49. Rcc1 gxh1=Q 50. Rxh1 Ng3 51. Rc1 f1=Q+ 52. Rxf1+
Nxf1 53. Kc4 Ke6 54. Kb4 Kd6 1/2-1/2

[Event "Deutsche Ländermeisterschaft 2015"]
[Site "Hannover GER"]
[Date "2015.10.04"]
[Round "2"]
[White "Tong, Kevin"]
[Black "Roseneck, Jonas"]
[Result "1/2-1/2"]
[Termination "normal"]
[Board "2.4"]
[WhiteElo "2021"]
[BlackElo "2074"]
[WhiteTeam "Bayern"]
[BlackTeam "Sachsen-Anhalt"]
[PlyCount "96"]
[WhiteFideId "12913944"]
[BlackFideId "12939870"]
[EventCountry "GER"]
[EventRounds "7"]
[EventType "team-swiss"]
[EventDate "2015.10.02"]

1. e4 c5 2. Nf3 d6 3. Bb5+ Bd7 4. Bxd7+ Qxd7 5. O-O Nf6 6. Re1 g6 7. c3 Bg7 8.
d4 O-O 9. Nbd2 cxd4 10. cxd4 Nc6 11. Nb3 Rfc8 12. Bd2 b6 13. d5 Nd8 14. Bc3 e5
15. dxe6 Nxe6 16. Qd2 Qe7 17. e5 dxe5 18. Nxe5 Qb7 19. Qe3 Nd5 20. Qf3 Ng5 21.
Qg4 Nxc3 22. bxc3 Ne6 23. Nxf7 Qxf7 24. Qxe6 Bxc3 25. Rac1 Re8 26. Qxf7+ Kxf7
27. Rxe8 Rxe8 28. g3 Re1+ 29. Rxe1 Bxe1 30. Kf1 Bc3 31. Ke2 Ke6 32. Kd3 Bf6 33.
Ke4 Kd6 34. f4 a5 35. a4 b5 36. Nxa5 bxa4 37. Nc4+ Kc5 38. Kd3 Kb4 39. h3 a3
40. Nxa3 Kxa3 41. Ke4 Kb4 42. h4 Kc5 43. f5 Kd6 44. fxg6 hxg6 45. h5 gxh5 46.
Kf3 Ke5 47. g4 h4 48. Kg2 Bg5 1/2-1/2

[Event "Deutsche Ländermeisterschaft 2015"]
[Site "Hannover GER"]
[Date "2015.10.04"]
[Round "2"]
[White "Stein, Robert"]
[Black "Schneider, Jana"]
[Result "1-0"]
[Termination "normal"]
[Board "2.5"]
[WhiteElo "2050"]
[BlackElo "2024"]
[WhiteTeam "Sachsen-Anhalt"]
[BlackTeam "Bayern"]
[PlyCount "97"]
[WhiteFideId "12921084"]
[BlackFideId "12924997"]
[EventCountry "GER"]
[EventRounds "7"]
[EventType "team-swiss"]
[EventDate "2015.10.02"]

1. e4 e5 2. Nf3 Nc6 3. Bb5 a6 4. Ba4 Nf6 5. O-O b5 6. Bb3 Be7 7. Re1 d6 8. c3
O-O 9. h3 Na5 10. Bc2 c5 11. d4 Qc7 12. d5 Bd7 13. Nbd2 g6 14. Nf1 Nh5 15. Bh6
Rfe8 16. Ng3 Ng7 17. Nh2 Nb7 18. f4 exf4 19. Bxf4 f6 20. Ng4 Bxg4 21. Qxg4 Kh8
22. h4 Rg8 23. h5 gxh5 24. Nxh5 Nd8 25. Re3 Nf7 26. Rh3 Qc8 27. Nxf6 h5 28.
Qxc8 Rgxc8 29. Nxh5 Nxh5 30. Rxh5+ Kg7 31. Rf1 Bf6 32. Rf5 Be5 33. Rxf7+ Kxf7
34. Bxe5+ Ke7 35. Bf6+ Kf7 36. e5 dxe5 37. Bxe5+ Ke8 38. Bf5 Rd8 39. Be6 Ra7
40. d6 b4 41. cxb4 cxb4 42. Rf4 b3 43. Rg4 Rf7 44. Rg8+ Rf8 45. Rxf8+ Kxf8 46.
Bxb3 Ke8 47. Be6 Kf8 48. d7 Ke7 49. Bc7 1-0

[Event "Deutsche Ländermeisterschaft 2015"]
[Site "Hannover GER"]
[Date "2015.10.04"]
[Round "2"]
[White "Siegl, Melina"]
[Black "Biastoch, Bennet"]
[Result "0-1"]
[Termination "normal"]
[Board "2.6"]
[WhiteElo "1926"]
[BlackElo "2006"]
[WhiteTeam "Bayern"]
[BlackTeam "Sachsen-Anhalt"]
[PlyCount "104"]
[WhiteFideId "1272126"]
[BlackFideId "12939889"]
[EventCountry "GER"]
[EventRounds "7"]
[EventType "team-swiss"]
[EventDate "2015.10.02"]

1. e4 c5 2. Nf3 d6 3. d3 g6 4. g3 Bg7 5. Bg2 Nc6 6. O-O Nf6 7. Nbd2 O-O 8. Re1
Qc7 9. Nf1 Rb8 10. Ne3 b5 11. Nh4 a5 12. f4 a4 13. c3 Ba6 14. g4 Qd7 15. Qf3
Bb7 16. g5 Ne8 17. Qg3 b4 18. Bd2 a3 19. Rab1 axb2 20. Nd1 Ba6 21. c4 Nd4 22.
Rxb2 Qa4 23. e5 dxe5 24. fxe5 Qxd1 25. Rxd1 Ne2+ 26. Kf2 Nxg3 27. hxg3 Bxe5 28.
Rbb1 Nc7 29. Nf3 Bd6 30. Bf4 Ne6 31. Be3 Rfc8 32. Rh1 Bb7 33. Bh3 Ra8 34. Rb2
Ra3 35. Rd1 Rca8 36. Rdd2 Bxf3 37. Kxf3 Be5 38. Rbc2 Nd4+ 39. Bxd4 Bxd4 40. Bg2
Rd8 41. Kf4 Bc3 42. Rd1 Rd7 43. Be4 Rda7 44. Rh2 Rxa2 45. Rh4 Rf2+ 46. Kg4 Bd4
47. Rb1 Raa2 48. Rhh1 Rh2 49. Rxh2 Rxh2 50. Kf4 Kg7 51. Kg4 h5+ 52. gxh6+ Kxh6
0-1

[Event "Deutsche Ländermeisterschaft 2015"]
[Site "Hannover GER"]
[Date "2015.10.04"]
[Round "2"]
[White "Post, Hugo"]
[Black "Weller, Uli"]
[Result "0-1"]
[Termination "normal"]
[Board "2.7"]
[WhiteElo "1748"]
[BlackElo "1921"]
[WhiteTeam "Sachsen-Anhalt"]
[BlackTeam "Bayern"]
[PlyCount "70"]
[WhiteFideId "12962490"]
[BlackFideId "12971782"]
[EventCountry "GER"]
[EventRounds "7"]
[EventType "team-swiss"]
[EventDate "2015.10.02"]

1. e4 e6 2. d4 d5 3. Nd2 dxe4 4. Nxe4 Nd7 5. Nf3 Ngf6 6. Bd3 b6 7. O-O Bb7 8.
Ng3 Be7 9. c4 c5 10. Be3 O-O 11. h3 Rc8 12. Rc1 cxd4 13. Bxd4 Nc5 14. Bxc5 Bxc5
15. Ng5 Qd4 16. Nh5 g6 17. Nxf6+ Qxf6 18. Qg4 Qxb2 19. Qh4 Qg7 20. Ne4 Bxe4 21.
Qxe4 Rfd8 22. Rfd1 Rd4 23. Qf3 Rcd8 24. Bc2 Rd2 25. Kh1 Qf8 26. Qc3 Rxf2 27.
Rxd8 Qxd8 28. Rd1 Qf6 29. Qd3 Kg7 30. Bb3 e5 31. a4 e4 32. Qxe4 Rf1+ 33. Rxf1
Qxf1+ 34. Kh2 Qg1+ 35. Kg3 Qf2+ 0-1

[Event "Deutsche Ländermeisterschaft 2015"]
[Site "Hannover GER"]
[Date "2015.10.04"]
[Round "2"]
[White "Maj, Kornel"]
[Black "Vöge, Tobias"]
[Result "0-1"]
[Termination "normal"]
[Board "3.1"]
[WhiteElo "2039"]
[BlackElo "2213"]
[WhiteTeam "Württemberg"]
[BlackTeam "Niedersachsen 1"]
[PlyCount "44"]
[WhiteFideId "1160613"]
[BlackFideId "1270513"]
[EventCountry "GER"]
[EventRounds "7"]
[EventType "team-swiss"]
[EventDate "2015.10.02"]

1. d4 d5 2. c4 Nc6 3. Nc3 e5 4. cxd5 Nxd4 5. e3 Nf5 6. Nf3 Bd6 7. e4 Nfe7 8.
Bb5+ Bd7 9. Qb3 Rb8 10. Be3 c6 11. Bc4 cxd5 12. exd5 b5 13. Nxb5 Rxb5 14. Bxb5
Qa5+ 15. Nd2 Bxb5 16. Rc1 Nf6 17. a4 Ba6 18. Bxa7 Bb4 19. Qc2 O-O 20. Bc5 Bxc5
21. Qxc5 Rc8 22. Qxc8+ Nxc8 0-1

[Event "Deutsche Ländermeisterschaft 2015"]
[Site "Hannover GER"]
[Date "2015.10.04"]
[Round "2"]
[White "Kyas, Philipp"]
[Black "Schmidt, Tobias"]
[Result "1-0"]
[Termination "normal"]
[Board "3.2"]
[WhiteElo "2076"]
[BlackElo "2121"]
[WhiteTeam "Niedersachsen 1"]
[BlackTeam "Württemberg"]
[PlyCount "89"]
[WhiteFideId "24670936"]
[BlackFideId "1271683"]
[EventCountry "GER"]
[EventRounds "7"]
[EventType "team-swiss"]
[EventDate "2015.10.02"]

1. d4 d5 2. c4 e6 3. Nc3 Nf6 4. cxd5 exd5 5. Bg5 c6 6. e3 Bf5 7. Nf3 Be7 8. Bd3
Bxd3 9. Qxd3 O-O 10. O-O Nbd7 11. Rae1 Re8 12. Nd2 Ne4 13. Bxe7 Qxe7 14. f3
Nxd2 15. Qxd2 Qg5 16. Qd3 Rad8 17. Re2 Re6 18. f4 Qe7 19. f5 Rh6 20. e4 dxe4
21. Nxe4 Qb4 22. a3 Qb6 23. Rfe1 Ne5 24. Nc5 Qxc5 25. dxc5 Rxd3 26. Rxe5 g5 27.
Re8+ Kg7 28. R8e7 Rb3 29. R1e2 Rh4 30. Rd7 Rc4 31. Ree7 Rxb2 32. Rxf7+ Kg8 33.
h3 Rcc2 34. Rg7+ Kf8 35. Rxg5 Rxc5 36. Rxh7 a5 37. Rc7 b5 38. Rh5 Kg8 39. Rg5+
Kf8 40. h4 b4 41. f6 Rb1+ 42. Kh2 Rbc1 43. Rgg7 Re1 44. Rh7 Kg8 45. Rcg7+ 1-0

[Event "Deutsche Ländermeisterschaft 2015"]
[Site "Hannover GER"]
[Date "2015.10.04"]
[Round "2"]
[White "Peng, Xiang-Tobias"]
[Black "Diederichs, Luise"]
[Result "1-0"]
[Termination "normal"]
[Board "3.3"]
[WhiteElo "2031"]
[BlackElo "1974"]
[WhiteTeam "Württemberg"]
[BlackTeam "Niedersachsen 1"]
[PlyCount "113"]
[WhiteFideId "12964328"]
[BlackFideId "24661597"]
[EventCountry "GER"]
[EventRounds "7"]
[EventType "team-swiss"]
[EventDate "2015.10.02"]

1. e4 g6 2. Bc4 Bg7 3. Nf3 d6 4. d4 a6 5. a4 e6 6. Nc3 Ne7 7. Bg5 Nd7 8. O-O h6
9. Be3 O-O 10. Re1 Kh7 11. Ne2 d5 12. exd5 Nxd5 13. Nf4 Nxe3 14. Rxe3 Nb6 15.
Bd3 Nd5 16. Nxd5 exd5 17. Ne5 Qd6 18. Qe2 Bd7 19. Re1 Bxe5 20. dxe5 Qb4 21. c4
Be6 22. cxd5 Bxd5 23. Qc2 Be6 24. Re4 Qe7 25. f4 Bf5 26. R4e3 Bxd3 27. Rxd3 Qb4
28. Rf1 Qb6+ 29. Kh1 Rad8 30. f5 Rxd3 31. Qxd3 Kg7 32. fxg6 Qxg6 33. Qc4 c6 34.
h3 Qg5 35. Qc3 Re8 36. e6+ f6 37. Qd4 Re7 38. Qd6 f5 39. Rf3 Qf6 40. Rg3+ Kh7
41. Re3 Qg5 42. Rd3 Rg7 43. Rd2 Qf6 44. a5 Qg5 45. Re2 Re7 46. Qe5 Qg6 47. Re3
Rg7 48. g4 f4 49. Qxf4 Qb1+ 50. Kg2 Qxb2+ 51. Kg3 Re7 52. Qf5+ Kg7 53. g5 h5
54. Rf3 Qb4 55. Qf8+ Kg6 56. Rf6+ Kxg5 57. Qh6# 1-0

[Event "Deutsche Ländermeisterschaft 2015"]
[Site "Hannover GER"]
[Date "2015.10.04"]
[Round "2"]
[White "Ewert, Hannes"]
[Black "Degenhard, Simon"]
[Result "1/2-1/2"]
[Termination "normal"]
[Board "3.4"]
[WhiteElo "2107"]
[BlackElo "1838"]
[WhiteTeam "Niedersachsen 1"]
[BlackTeam "Württemberg"]
[PlyCount "126"]
[WhiteFideId "12961574"]
[BlackFideId "12944017"]
[EventCountry "GER"]
[EventRounds "7"]
[EventType "team-swiss"]
[EventDate "2015.10.02"]

1. e4 c5 2. Nf3 g6 3. d4 cxd4 4. Nxd4 Bg7 5. Nc3 Nc6 6. Be3 Nf6 7. Bc4 O-O 8.
Bb3 a5 9. f3 Nxd4 10. Bxd4 d6 11. Qd2 Bd7 12. a4 Bc6 13. h4 e6 14. O-O-O Qe7
15. g4 Rfd8 16. h5 d5 17. e5 Nd7 18. f4 Nc5 19. hxg6 Nxb3+ 20. cxb3 fxg6 21. f5
exf5 22. gxf5 gxf5 23. Rdg1 Be8 24. Qh6 Bg6 25. Rxg6 hxg6 26. Qxg6 Ra6 27. e6
Rxe6 28. Rh8+ Kxh8 29. Bxg7+ Qxg7 30. Qxe6 d4 31. Nd1 d3 32. Qxf5 d2+ 33. Kb1
Qh7 34. Qxh7+ Kxh7 35. Kc2 Kg6 36. Ne3 Kg5 37. Kd1 Kf4 38. Nc4 Ke4 39. Nxa5 Kd3
40. Nc4 Re8 41. Nxd2 Rf8 42. Ke1 Kc2 43. Nc4 Re8+ 44. Kf2 Kxb3 45. Na5+ Kxa4
46. Nxb7 Re5 47. Nd6 Kb4 48. Kf3 Kc5 49. Ne4+ Kd4 50. Ng3 Rb5 51. Ne2+ Kc4 52.
Ke4 Rxb2 53. Nd4 Rb8 54. Ne6 Rb1 55. Nf4 Re1+ 56. Kf5 Kd4 57. Ne6+ Kd5 58. Nf4+
Kd6 59. Kf6 Rf1 60. Kf5 Rf2 61. Ke4 Ra2 62. Nd3 Ra4+ 63. Kf5 Ra5+ 1/2-1/2

[Event "Deutsche Ländermeisterschaft 2015"]
[Site "Hannover GER"]
[Date "2015.10.04"]
[Round "2"]
[White "Stoll, Katja"]
[Black "Polster, Christian"]
[Result "0-1"]
[Termination "normal"]
[Board "3.5"]
[WhiteElo "1840"]
[BlackElo "2057"]
[WhiteTeam "Württemberg"]
[BlackTeam "Niedersachsen 1"]
[PlyCount "59"]
[WhiteFideId "1271730"]
[BlackFideId "12965081"]
[EventCountry "GER"]
[EventRounds "7"]
[EventType "team-swiss"]
[EventDate "2015.10.02"]

1. e4 c5 2. Nf3 d6 3. d4 cxd4 4. Nxd4 Nf6 5. Nc3 a6 6. g3 e5 7. Nb3 Nbd7 8. Bg2
b5 9. a3 Be7 10. O-O Bb7 11. Nd5 Nxd5 12. exd5 Rc8 13. Bd2 Qc7 14. Bc3 Qb8 15.
Na5 O-O 16. a4 Nf6 17. axb5 axb5 18. Nxb7 Qxb7 19. Bxe5 dxe5 20. d6 e4 21. dxe7
Qxe7 22. Qe2 Qc5 23. Ra5 Rb8 24. Rfa1 Rfe8 25. R5a3 Qe5 26. c3 h5 27. Ra5 Qc5
28. Re1 Ng4 29. Raa1 f5 30. Qd2 0-1